| 000 | 00745nam a22001937a 4500 | ||
|---|---|---|---|
| 999 |
_c11891 _d11891 |
||
| 003 | AR-CdUCM | ||
| 008 | 190405b ||||| |||| 00| 0 spa d | ||
| 040 |
_aMUNICIPALIDAD PROVINCIAL DEL CUSCO _cBIBLIOTECA MUNICIPAL DEL CUSCO |
||
| 082 |
_aES / 373.910 / _bB42 |
||
| 100 |
_aBenavides Estrada, Juan Augusto _929491 |
||
| 245 | _aCompendio de Geografía del Perú / | ||
| 260 |
_aLima : _bEscuela Nueva S. A. ; _c1988. |
||
| 300 |
_a192 páginas ; _bIlustraciones, mapas _c27cm |
||
| 505 | _aContenido: El relieve peruano -- Las regiones geográficas del Perú -- Los ríos del Perú -- El litoral peruano -- Los climas del Perú... | ||
| 650 |
_aPerú _935 |
||
| 650 |
_aGeografía _9318 |
||
| 942 |
_2ddc _cLIBROS |
||
| 945 |
_anom _d2019-04-05 |
||